Central Library OPAC University of Rajshahi

Developmental psychology in India, 1975-1986 : (Record no. 54423)

MARC details
000 -LEADER
fixed length control field 00809nam a2200253 a 4500
001 - CONTROL NUMBER
control field 54423
003 - CONTROL NUMBER IDENTIFIER
rucl marc code BD-RjUL
005 - DATE AND TIME OF LATEST TRANSACTION
control field 20211209080122.0
008 - FIXED-LENGTH DATA ELEMENTS--GENERAL INFORMATION
fixed length control field 161106s1987 ii ba 001 0 eng
020 ## - INTERNATIONAL STANDARD BOOK NUMBER
International Standard Book Number 0803995288 (U.S.)
035 ## - SYSTEM CONTROL NUMBER
System control number (BD-RjUL)54545
040 ## - CATALOGING SOURCE
Original cataloging agency DLC
Transcribing agency DLC
Modifying agency BD-RjUL
Language of cataloging eng
041 ## - LANGUAGE CODE
Language code of text/sound track or separate title eng
082 00 - DEWEY DECIMAL CLASSIFICATION NUMBER
Classification number 155.40954
Edition number 23
Author mark and year SAD 1987
100 1# - MAIN ENTRY--PERSONAL NAME
Personal name Saraswati, T. S.
9 (RLIN) 162416
245 10 - TITLE STATEMENT
Title Developmental psychology in India, 1975-1986 :
Remainder of title an annotated bibliography /
Statement of responsibility, etc. T.S. Saraswathi, Ranjana Dutta ; assisted by Anjoo Sikka.
260 ## - PUBLICATION, DISTRIBUTION, ETC. (IMPRINT)
Place of publication, distribution, etc. New Delhi ;
Name of publisher, distributor, etc. Sage Publications,
Date of publication, distribution, etc. 1987.
300 ## - PHYSICAL DESCRIPTION
Pagination 327 p. ;
Size 23 cm.
500 ## - GENERAL NOTE
General note Includes index.
650 #0 - SUBJECT ADDED ENTRY--TOPICAL TERM
Topical term or geographic name as entry element Child psychology
Geographic subdivision India
9 (RLIN) 162417
700 1# - ADDED ENTRY--PERSONAL NAME
Personal name Dutta, Ranjana,
Dates associated with a name 1961-
Personal name Sikka, Anjoo.
942 ## - ADDED ENTRY ELEMENTS (KOHA)
Source of classification or shelving scheme Dewey Decimal Classification
Koha item type Books
Holdings
Lost status Source of classification or shelving scheme Damaged status Not for loan Collection code Permanent Location Current Location Shelving location Date acquired Cost, normal purchase price Total Checkouts Full call number Date last seen Copy number Koha item type Source of acquisition
  Dewey Decimal Classification     Non-fiction Central Library, University of Rajshahi Central Library, University of Rajshahi     2008.00   155.40954 SAD 1987 06/11/2016 C-2 Books  
  Dewey Decimal Classification   Not For Loan Non-fiction Central Library, University of Rajshahi Central Library, University of Rajshahi Reading Room 27/08/2008     155.40954 SAD 1987 15/03/2017 C-1 Books Administrator, RU